| 000 | 00981nam a22002297a 4500 | ||
|---|---|---|---|
| 005 | 20240530110903.0 | ||
| 008 | 220214s2008 ua g 000 0 ara d | ||
| 017 |
_bمصر. دار الكتب _a2008/23275 |
||
| 040 |
_aEG-CaGPL _cEG-CaGPL |
||
| 082 | 0 | 4 |
_221 _a323.4\ _bم ح |
| 110 | 0 | _aمركز القاهرة لدراسات حقوق الانسان | |
| 245 | 1 | 0 |
_aحقوق الانسان فى العالم العربى : _bالتقرير السنوى 2008 / _cمركز القاهرة لدراسات حقوق الانسان |
| 250 | _aط. 1 | ||
| 260 |
_aالقاهرة : _bمركز القاهرة لدراسات حقوق الانسان ، _c2008 |
||
| 300 |
_a229 ص. ؛ _c24 سم |
||
| 490 | 0 |
_aقضايا الاصلاح ؛ _v25 |
|
| 650 | 0 | 7 |
_2qrmak _aحقوق الانسان |
| 650 | 0 | 7 |
_2qrmak _aالثقافة العربية |
| 651 | 0 | 7 |
_2qrmak _aالعالم العربى _xالسياسة الخارجية |
| 942 |
_2ddc _cBK |
||
| 999 |
_c66172 _d66172 |
||